Морфология современного русского языка: учебное пособие

Xehetasun bibliografikoak
Egile nagusia: Осипова Л. И. Людмила Ивановна
Gaia:В учебном пособии дано описание одного из разделов грамматики русского языка — морфологии. В нем характеризуются как традиционные, так и новейшие теории современной науки о языке. В конце книги помещены тесты для самопроверки, в которых представлены все наиболее важные теоретические положения морфологии современного русского языка. В списке рекомендуемой литературы указаны работы, в которых соответствующие вопросы освещены более подробно. Для студентов филологических факультетов высших учебных заведений.
Hizkuntza:errusiera
Argitaratua: Москва, Академия, 2010
Saila:Высшее профессиональное образование. Педагогические специальности
Gaiak:
Formatua: MixedMaterials Liburua
KOHA link:https://koha.lib.tpu.ru/cgi-bin/koha/opac-detail.pl?biblionumber=178080

MARC

LEADER 00000nam0a2200000 4500
001 178080
005 20231101223400.0
010 |a 9785769559181 
035 |a (RuTPU)RU\TPU\book\193064 
090 |a 178080 
100 |a 20100402d2010 m y0rusy50 ca 
101 0 |a rus 
102 |a RU 
105 |a y j 001zy 
200 1 |a Морфология современного русского языка  |e учебное пособие  |f Л. И. Осипова 
210 |a Москва  |c Академия  |d 2010 
215 |a 187 с. 
225 1 |a Высшее профессиональное образование. Педагогические специальности 
320 |a Библиогр.: с. 177-180. 
330 |a В учебном пособии дано описание одного из разделов грамматики русского языка — морфологии. В нем характеризуются как традиционные, так и новейшие теории современной науки о языке. В конце книги помещены тесты для самопроверки, в которых представлены все наиболее важные теоретические положения морфологии современного русского языка. В списке рекомендуемой литературы указаны работы, в которых соответствующие вопросы освещены более подробно. Для студентов филологических факультетов высших учебных заведений. 
606 1 |a Русский язык  |x Учебные руководства и пособия для высшей школы  |2 stltpush  |3 (RuTPU)RU\TPU\subj\26398  |9 50338 
606 1 |a Русский язык  |x Морфология  |2 stltpush  |3 (RuTPU)RU\TPU\subj\26387  |9 50327 
610 1 |a грамматика 
610 1 |a части речи 
610 1 |a имя существительное 
610 1 |a имя прилагательное 
610 1 |a местоимения 
610 1 |a глаголы 
610 1 |a имя числительное 
610 1 |a причастия 
610 1 |a деепричастия 
610 1 |a модальные слова 
610 1 |a служебные части речи 
610 1 |a предлоги 
610 1 |a союзы 
610 1 |a частицы 
610 1 |a междометия 
610 1 |a звукоподражание 
686 |a Ш141.2-923.21  |v LBC/SL-A  |2 rubbk 
700 1 |a Осипова  |b Л. И.  |g Людмила Ивановна 
801 1 |a RU  |b 63413507  |c 20100402 
801 2 |a RU  |b 63413507  |c 20151102  |g RCR 
942 |c BK 
959 |a 20/20100322  |d 1  |e 295,90  |f ЧЗИЛ:1